[Event "ICS Rated standard match"]
[Site "207.99.83.229"]
[Date "1999.07.05"]
[Round "?"]
[White "Hossa"]
[Black "Reti2play"]
[Result "1-0"]
[WhiteElo "2344"]
[BlackElo "1965"]
[PlyCount "72"]

1. e4 c5 2. Nf3 d6 3. d4 cxd4 4. Qxd4 Nf6 5. Qa4+ Bd7 6. Bb5 Nc6 7. O-O a6 8.
Be2 b5 9. Qb3 Nxe4 10. Qe3 Nc5 11. Nc3 e6 12. a4 Nb4 13. Ne1 Be7 14. axb5 axb5
15. Rxa8 Qxa8 16. Qd4 Qa1 17. Qxg7 Rf8 18. Nf3 Nxc2 19. Bh6 Qxb2 20. Rb1 Qa3
21. Nxb5 Bxb5 22. Bxb5+ Kd8 23. Qxh7 Qa2 24. Rd1 Qb3 25. Bxf8 Bxf8 26. Qxf7
Qxb5 27. Qxf8+ Kc7 28. Qxd6+ Kb7 29. Qe7+ Kb6 30. Rd6+ Ka5 31. Qa7+ Na6 32.
Rxa6+ Qxa6 33. Qc5+ Qb5 34. Qxc2 Qb4 35. Qd2 Kb5 36. Qxb4+ 36... Kxb4 {
Reti2play resigns} 1-0

[Event "ICS rated standard match"]
[Site "207.99.83.229"]
[Date "1999.07.05"]
[Round "?"]
[White "Hossa"]
[Black "SuperChicken"]
[Result "1-0"]
[WhiteElo "2347"]
[BlackElo "2494"]
[PlyCount "31"]

1. e4 c5 2. Nf3 e6 3. d4 cxd4 4. Nxd4 Nf6 5. Nc3 Nc6 6. Ndb5 d6 7. Bf4 e5 8.
Bg5 a6 9. Na3 b5 10. Nd5 Be7 11. Bxf6 Bxf6 12. c3 O-O 13. Nc2 Rb8 14. h4 g6 15.
Nxf6+ Qxf6 16. Qd2 {SuperChicken resigns} 1-0

[Event "ICS Rated standard match"]
[Site "207.99.83.229"]
[Date "1999.07.05"]
[Round "?"]
[White "SilverOak"]
[Black "Hossa"]
[Result "0-1"]
[WhiteElo "1965"]
[BlackElo "2369"]
[PlyCount "99"]

1. e4 e5 2. f4 exf4 3. Nf3 g5 4. h4 g4 5. Ne5 d6 6. Nxg4 h5 7. Nf2 Nc6 8. Nc3
f5 9. Be2 Bg7 10. Bxh5+ Kd7 11. Nd5 Nf6 12. Nxf4 Bh6 13. N2d3 fxe4 14. Bg4+ Ke8
15. Bxc8 Qxc8 16. Nh5 Nxh5 17. Qxh5+ Ke7 18. Qe2 Qe6 19. Nf2 Nd4 20. Qd1 Rag8
21. c3 e3 22. dxe3 Bxe3 23. Bxe3 Qxe3+ 24. Kf1 Nf5 25. Qe1 Kd8 26. Qxe3 Nxe3+
27. Ke2 Nxg2 28. Rag1 Re8+ 29. Kd3 Nxh4 30. Rg7 Nf5 31. Rxh8 Nxg7 32. Rh7 Ne6
33. Kc4 Ng5 34. Rg7 Nf3 35. Ng4 Ne5+ 36. Nxe5 dxe5 37. Kd3 Re7 38. Rg8+ Kd7 39.
Ke4 Kd6 40. Rd8+ Ke6 41. b3 b6 42. Rd5 Kf6 43. Rd8 a5 44. Rf8+ Ke6 45. a4 Kd7
46. Rf5 Kd6 47. b4 Re8 48. Rf6+ Re6 49. Rf5 Rh6 50. Rxe5 {SilverOak resigns}
0-1

[Event "ICS Rated standard match"]
[Site "207.99.83.229"]
[Date "1999.07.06"]
[Round "?"]
[White "Hossa"]
[Black "Krell"]
[Result "1/2-1/2"]
[WhiteElo "2372"]
[BlackElo "2426"]
[PlyCount "126"]

1. e4 c5 2. Nf3 e6 3. d4 cxd4 4. Nxd4 Nc6 5. Nc3 Nf6 6. Nxc6 bxc6 7. e5 Nd5 8.
Ne4 Qc7 9. f4 Qb6 10. Bd3 Ba6 11. a3 Be7 12. Nf2 Bxd3 13. Qxd3 f5 14. c4 Bc5
15. O-O Qa6 16. b4 Bxf2+ 17. Rxf2 Nb6 18. Rc2 O-O 19. Be3 Kh8 20. Bc5 Rfd8 21.
Bd6 Na4 22. Rd1 Nb6 23. Qf3 Rg8 24. Rd4 Rad8 25. Rf2 Rc8 26. Rf1 Rgd8 27. Rc1
Ra8 28. Rc3 Na4 29. Rcd3 c5 30. Bxc5 Nxc5 31. bxc5 Rab8 32. h3 h6 33. Kh1 Qa5
34. c6 dxc6 35. Rxd8+ Rxd8 36. Rxd8+ Qxd8 37. Qxc6 Qd1+ 38. Kh2 Qf1 39. Qa8+
Kh7 40. Qxa7 Qxf4+ 41. Kh1 Qxc4 42. Qe3 Qc6 43. Kg1 Qc2 44. Kh2 Qa4 45. g3 Qc2+
46. Kh1 Kg8 47. h4 Kh7 48. Kg1 Kh8 49. Kf1 Kg8 50. Ke1 h5 51. Kf1 Qb1+ 52. Kg2
Qa2+ 53. Kh3 Qd5 54. Kh2 Qb5 55. Kg1 Qc4 56. Qb6 Qc1+ 57. Kg2 Qd2+ 58. Kf1 Qd3+
59. Kf2 Qc2+ 60. Kf1 Qd1+ 61. Kf2 Qc2+ 62. Kf1 Qd1+ 63. Kf2 63... Qc2+ {
Game drawn by repetition} 1/2-1/2

[Event "ICS rated standard match"]
[Site "207.99.83.229"]
[Date "1999.07.06"]
[Round "?"]
[White "hanskmoch"]
[Black "Hossa"]
[Result "1/2-1/2"]
[WhiteElo "2088"]
[BlackElo "2374"]
[PlyCount "34"]

1. d4 a6 2. e4 d5 3. exd5 Qxd5 4. Nc3 Qa5 5. Nf3 e6 6. Be2 Nf6 7. O-O Be7 8.
Bf4 O-O 9. Ne5 c6 10. Qd2 Nbd7 11. Nc4 Qf5 12. Nd6 Qg6 13. Bd3 Qg4 14. h3 Qh5
15. Be2 Qg6 16. Bd3 Qh5 17. Be2 17... Qg6 {Game drawn by mutual agreement}
1/2-1/2

[Event "ICS rated blitz match"]
[Site "207.99.83.229"]
[Date "1999.07.06"]
[Round "?"]
[White "Caisso"]
[Black "Hossa"]
[Result "0-1"]
[WhiteElo "2112"]
[BlackElo "2345"]
[PlyCount "88"]

1. e4 c5 2. c4 Nc6 3. Nc3 Nf6 4. g3 e6 5. Bg2 Be7 6. Nge2 O-O 7. O-O e5 8. d3
d6 9. h3 Be6 10. f4 Qc8 11. f5 Bd7 12. g4 Ne8 13. Be3 Bh4 14. Bf2 Bxf2+ 15.
Rxf2 Qd8 16. Qd2 Qh4 17. Raf1 Rd8 18. Kh2 h5 19. Bf3 hxg4 20. Bxg4 Nf6 21. Rg2
Nd4 22. Nxd4 cxd4 23. Nd5 b5 24. Nxf6+ Qxf6 25. b3 bxc4 26. bxc4 Rb8 27. Qa5
Rb7 28. Rff2 Rfb8 29. Bd1 Qh6 30. Bb3 Qe3 31. Qd2 a5 32. Qxe3 dxe3 33. Rf3 a4
34. Bd1 Rb1 35. Be2 R1b2 36. Rxe3 Rxa2 37. Reg3 Kh8 38. Bh5 Rxg2+ 39. Rxg2 a3
40. Bxf7 Rb2 41. c5 dxc5 42. Kg3 Rxg2+ 43. Kxg2 Bb5 44. Kf3 44... c4 {
Caisso resigns} 0-1

[Event "ICS Rated blitz match"]
[Site "207.99.83.229"]
[Date "1999.07.06"]
[Round "?"]
[White "Hossa"]
[Black "Budzinski"]
[Result "1-0"]
[WhiteElo "2351"]
[BlackElo "1942"]
[PlyCount "105"]

1. e4 c5 2. Nf3 d6 3. d4 cxd4 4. Qxd4 a6 5. Bg5 Nc6 6. Qd2 Nf6 7. Nc3 e6 8.
O-O-O Be7 9. Bf4 d5 10. exd5 Nxd5 11. Nxd5 exd5 12. c4 d4 13. Nxd4 Nxd4 14.
Qxd4 Qxd4 15. Rxd4 Be6 16. Be5 O-O 17. Bd3 Rac8 18. Kb1 Rfd8 19. Rxd8+ Rxd8 20.
Kc2 Bd6 21. Bxd6 Rxd6 22. Kc3 Rc6 23. Kd4 Kf8 24. b4 Rd6+ 25. Ke3 Ke7 26. Re1
Kd8 27. a4 Kc7 28. a5 g6 29. Rc1 Bc8 30. c5 Re6+ 31. Kd4 Kc6 32. g4 Re7 33. g5
Rd7+ 34. Kc4 Re7 35. h4 Be6+ 36. Kc3 Bd5 37. Kd4 Bf3 38. Rc3 Bd5 39. Bc2 Be6
40. Ba4+ Kc7 41. f3 Bd7 42. Bb3 Be6 43. Bxe6 Rxe6 44. Re3 Rxe3 45. Kxe3 Kc6 46.
Kd4 Kb5 47. Kc3 Ka4 48. Kc4 Ka3 49. b5 axb5+ 50. Kxb5 Kb3 51. a6 bxa6+ 52. Kxa6
Kc4 53. c6 {Budzinski resigns} 1-0

[Event "ICS rated blitz match"]
[Site "207.99.83.229"]
[Date "1999.07.06"]
[Round "?"]
[White "josean"]
[Black "Hossa"]
[Result "1-0"]
[WhiteElo "2146"]
[BlackElo "2354"]
[PlyCount "165"]

1. e4 c5 2. Nf3 Nc6 3. d4 cxd4 4. Nxd4 Nf6 5. Nc3 e5 6. Nf5 d5 7. exd5 Bxf5 8.
dxc6 Qxd1+ 9. Nxd1 bxc6 10. Bd3 Bb4+ 11. Ke2 e4 12. Bc4 O-O 13. Be3 Bg4+ 14.
Kf1 Rfd8 15. Be2 Rd5 16. f3 exf3 17. gxf3 Bh3+ 18. Kf2 Re5 19. Bd4 Bc5 20. Bxc5
Rxc5 21. Ne3 Rb8 22. b3 Nd5 23. Nxd5 cxd5 24. Bd3 d4 25. Rhe1 Be6 26. Re4 Rd8
27. Rae1 Rd6 28. Re5 Rc3 29. Ra5 Rc7 30. Re4 Rd8 31. Ra4 Rcd7 32. Bb5 Rc7 33.
Bd3 Rcd7 34. Ra6 Bf5 35. Re5 Bxd3 36. cxd3 f6 37. Re4 f5 38. Re5 Rf8 39. f4 g6
40. Rae6 Kg7 41. Re7+ Rxe7 42. Rxe7+ Rf7 43. Re8 Rd7 44. Kf3 g5 45. fxg5 Kg6
46. Kf4 Rd6 47. Rf8 Re6 48. Rxf5 Re3 49. Rf6+ Kg7 50. Rd6 Rxd3 51. h4 a5 52. h5
Rd2 53. Rd7+ Kh8 54. g6 hxg6 55. hxg6 d3 56. Ke3 Rg2 57. Rxd3 Rxg6 58. Rd5 Ra6
59. Rg5 Kh7 60. Kd3 Kh6 61. Rg2 Rc6 62. Kd4 Rc1 63. a4 Rc6 64. Rg3 Rc7 65. Rc3
Rd7+ 66. Ke5 Rd1 67. Rc5 Rh1 68. Rb5 Kg7 69. Kd6 Kf6 70. Kc5 Rh8 71. Kb6 Kg6
72. Kxa5 Ra8+ 73. Kb4 Re8 74. a5 Re1 75. a6 Rc1 76. a7 Ra1 77. Ra5 Rg1 78. a8=Q
Rg4+ 79. Ka3 Kg7 80. Qc6 Rg3 81. Ra7+ Kh8 82. Qc8+ Rg8 83. Qh3# {
Hossa checkmated} 1-0

[Event "ICS rated blitz match"]
[Site "207.99.83.229"]
[Date "1999.07.06"]
[Round "?"]
[White "blunite"]
[Black "Hossa"]
[Result "0-1"]
[WhiteElo "2123"]
[BlackElo "2329"]
[PlyCount "60"]

1. e4 c5 2. Nf3 e6 3. b3 d5 4. e5 Nc6 5. Bb5 Bd7 6. Qe2 Qa5 7. Bxc6 Bxc6 8. O-O
O-O-O 9. c3 Ne7 10. d3 Kb8 11. Bb2 h6 12. Nbd2 g5 13. h3 g4 14. hxg4 Rg8 15. a4
Rxg4 16. d4 Ng6 17. g3 Nf4 18. Qe3 cxd4 19. cxd4 Bb4 20. Kh2 Ng6 21. Rfc1 Ne7
22. Bc3 Nf5 23. Qd3 Bxc3 24. Rxc3 Qb4 25. Rac1 Nxd4 26. Kh3 Nxf3 27. Nxf3 Rdg8
28. Rxc6 bxc6 29. Rxc6 R8g6 30. Qc2 30... Rxg3+ {blunite resigns} 0-1

[Event "ICS rated blitz match"]
[Site "207.99.83.229"]
[Date "1999.07.06"]
[Round "?"]
[White "Hossa"]
[Black "NoRegrets"]
[Result "1-0"]
[WhiteElo "2336"]
[BlackElo "2002"]
[PlyCount "34"]

1. e4 c5 2. Nf3 Nc6 3. d4 cxd4 4. Nxd4 Nf6 5. Nc3 d6 6. Bg5 e6 7. Qd2 a6 8.
O-O-O h6 9. Nxc6 bxc6 10. Bf4 e5 11. Bxe5 Bg4 12. Bxf6 Qxf6 13. f3 Be6 14. Qd4
Qxd4 15. Rxd4 Be7 16. Rb4 O-O 17. Rb6 17... a5 {NoRegrets resigns} 1-0

[Event "ICS Rated blitz match"]
[Site "207.99.83.229"]
[Date "1999.07.06"]
[Round "?"]
[White "Hossa"]
[Black "sovorov2"]
[Result "1-0"]
[WhiteElo "2340"]
[BlackElo "2058"]
[PlyCount "77"]

1. e4 e6 2. d4 d5 3. e5 c5 4. c3 Nc6 5. Nf3 Qb6 6. Be2 Bd7 7. O-O Nge7 8. dxc5
Qxc5 9. b4 Qb6 10. b5 Na5 11. Be3 Qc7 12. Nbd2 Nf5 13. Bd4 Bc5 14. Bxc5 Qxc5
15. Qa4 b6 16. Bd3 O-O 17. Nb3 Qc7 18. Nxa5 bxa5 19. Qa3 Rfc8 20. Bxf5 exf5 21.
Rfd1 Qc5 22. Qxc5 Rxc5 23. c4 Be6 24. cxd5 Bxd5 25. Nd4 Rac8 26. Nxf5 R8c7 27.
Ne3 Rd7 28. a4 Be6 29. Rxd7 Bxd7 30. Rd1 Rc7 31. Rd6 Kf8 32. h4 Rc1+ 33. Kh2
Ke7 34. Ra6 Ra1 35. Nd5+ Kd8 36. Rxa7 Rxa4 37. Ra8+ Bc8 38. Rxc8+ Kxc8 39. Nb6+
{sovorov2 resigns} 1-0

[Event "ICS rated blitz match"]
[Site "207.99.83.229"]
[Date "1999.07.06"]
[Round "?"]
[White "capatampa"]
[Black "Hossa"]
[Result "0-1"]
[WhiteElo "1946"]
[BlackElo "2345"]
[PlyCount "76"]

1. e4 c5 2. Nf3 e6 3. d4 cxd4 4. Nxd4 Nf6 5. Nc3 d6 6. Bg5 Be7 7. f4 O-O 8. Qf3
h6 9. h4 hxg5 10. hxg5 Nxe4 11. Nxe4 f5 12. gxf6 Bxf6 13. O-O-O Be5 14. g3 Qb6
15. Rh8+ Kxh8 16. Qh5+ Kg8 17. fxe5 dxe5 18. Ng5 Rf6 19. Qh7+ Kf8 20. Qh8+ Ke7
21. Qxg7+ Ke8 22. Qxf6 exd4 23. Qf7+ Kd8 24. Qf8+ Kc7 25. Qg7+ Kc6 26. Rxd4 Nd7
27. Nxe6 a5 28. Bg2+ Kb5 29. Qg5+ Ka6 30. Qe7 Ka7 31. c3 Rb8 32. Bd5 Qb5 33.
Bc4 Qc6 34. b3 Qf3 35. Kb2 Qf2+ 36. Ka3 Qxg3 37. Rd3 Qe1 38. Nc5 38... Qxe7 {
capatampa resigns} 0-1

[Event "ICS Rated blitz match"]
[Site "207.99.83.229"]
[Date "1999.07.06"]
[Round "?"]
[White "lapacho"]
[Black "Hossa"]
[Result "0-1"]
[WhiteElo "2035"]
[BlackElo "2327"]
[PlyCount "86"]

1. e4 c5 2. Nf3 e6 3. c3 d5 4. exd5 Qxd5 5. d4 Nc6 6. Be3 cxd4 7. Nxd4 Nf6 8.
Nd2 Nxd4 9. Bxd4 Be7 10. Nf3 O-O 11. Be2 Rd8 12. O-O Ng4 13. h3 Nf6 14. Bd3 a5
15. Qc2 Qh5 16. Bb6 Rd6 17. Bd4 Bd7 18. Ne5 Re8 19. Nxd7 Nxd7 20. Be2 Qh4 21.
Rad1 Rd8 22. Be3 Nc5 23. Rxd6 Bxd6 24. Rd1 Qe7 25. Bxc5 Bxc5 26. Rxd8+ Qxd8 27.
Qd3 Qb6 28. Qb5 Bxf2+ 29. Kf1 Qxb5 30. Bxb5 Bg3 31. b4 axb4 32. cxb4 f5 33. Bd7
Kf7 34. Ke2 Be5 35. a4 Bc3 36. Bc8 b6 37. b5 g5 38. Kd3 Be1 39. Ke2 Bb4 40. Kd3
Kf6 41. Kc4 Be1 42. Kd4 Ke7 43. Ke5 43... Bc3# {lapacho checkmated} 0-1

[Event "ICS Rated standard match"]
[Site "207.99.83.229"]
[Date "1999.07.06"]
[Round "?"]
[White "Hossa"]
[Black "DiepX"]
[Result "1-0"]
[WhiteElo "2372"]
[BlackElo "2413"]
[PlyCount "137"]

1. e4 e5 2. Nf3 Nc6 3. Bb5 a6 4. Bxc6 dxc6 5. O-O f6 6. d4 exd4 7. Nxd4 c5 8.
Nb3 Qxd1 9. Rxd1 Bg4 10. f3 Be6 11. Be3 b6 12. a4 Kf7 13. Bf4 Bxb3 14. cxb3 Bd6
15. Bxd6 Rd8 16. Na3 cxd6 17. Nc4 Ke6 18. Nxb6 Ne7 19. Nd5 Nxd5 20. Rxd5 g6 21.
Rad1 Rd7 22. g4 h5 23. g5 Rb8 24. gxf6 Rxb3 25. e5 Rxf3 26. Rxd6+ Rxd6 27.
Rxd6+ Kxe5 28. Rxa6 Kd5 29. Rb6 c4 30. a5 Kc5 31. Re6 Rd3 32. f7 Rf3 33. Re7
Kb5 34. Kg2 Rf4 35. Kg3 Rf1 36. Ra7 g5 37. Kg2 Rf4 38. h3 h4 39. Kg1 Rf6 40.
Rc7 Kxa5 41. Rxc4 Rxf7 42. Rc5+ Kb6 43. Rxg5 Rf3 44. Kh2 Rf2+ 45. Rg2 Rf4 46.
Rg6+ Kc5 47. Rg5+ Kb6 48. Rg2 Kc5 49. Rc2+ Rc4 50. Rxc4+ Kxc4 51. Kg2 Kd4 52.
Kf3 Ke5 53. Kg4 Ke4 54. Kxh4 Kf4 55. b4 Ke4 56. Kg5 Kd4 57. Kf6 Kc4 58. h4 Kxb4
59. h5 Kb5 60. h6 Kc4 61. h7 Kd4 62. h8=Q Kd3 63. Ke5 Kc4 64. Qh3 Kc5 65. Qc3+
Kb5 66. Kd6 Kb6 67. Qb3+ Ka5 68. Kc7 Ka6 69. Qa4# {DiepX checkmated} 1-0

[Event "ICS Rated blitz match"]
[Site "207.99.83.229"]
[Date "1999.07.06"]
[Round "?"]
[White "Hossa"]
[Black "Nicy"]
[Result "1-0"]
[WhiteElo "2332"]
[BlackElo "2127"]
[PlyCount "32"]

1. e4 c5 2. Nf3 Nc6 3. d4 cxd4 4. Nxd4 g6 5. Nc3 Bg7 6. Be3 Nf6 7. Bc4 Qa5 8.
O-O O-O 9. Bb3 d6 10. h3 Bd7 11. f4 Nxd4 12. Bxd4 Bc6 13. e5 dxe5 14. fxe5 Ne4
15. Nxe4 Bxe4 16. Qe1 16... Bd5 {Nicy resigns} 1-0

[Event "ICS Rated blitz match"]
[Site "207.99.83.229"]
[Date "1999.07.06"]
[Round "?"]
[White "Nicy"]
[Black "Hossa"]
[Result "0-1"]
[WhiteElo "2119"]
[BlackElo "2340"]
[PlyCount "26"]

1. d4 a6 2. Bg5 d5 3. e3 Nf6 4. Bxf6 exf6 5. g3 Be7 6. Bg2 O-O 7. Ne2 c6 8. c3
Qb6 9. Qc2 Bf5 10. Qxf5 Qxb2 11. h4 g6 12. Qd3 Qxa1 13. Qc2 13... Ba3 {
Nicy resigns} 0-1

[Event "ICS Rated standard match"]
[Site "207.99.83.229"]
[Date "1999.07.06"]
[Round "?"]
[White "Amateur"]
[Black "Hossa"]
[Result "0-1"]
[WhiteElo "2358"]
[BlackElo "2390"]
[PlyCount "76"]

1. e4 c5 2. Nf3 e6 3. d4 cxd4 4. Nxd4 Nf6 5. Nc3 d6 6. f4 Nc6 7. Nxc6 bxc6 8.
Be3 e5 9. fxe5 Ng4 10. Qd4 Nxe5 11. Be2 Be7 12. Bf4 O-O 13. Bxe5 dxe5 14. Qxe5
Re8 15. Qh5 Bf6 16. Bd3 Rb8 17. Nd1 Qd4 18. Qe2 Be5 19. c3 Qd6 20. Nf2 Bxh2 21.
Qh5 Bg3 22. Qxh7+ Kf8 23. O-O Rxb2 24. Nh3 Qxd3 25. Rf3 Rb1+ 26. Rxb1 Qxb1+ 27.
Rf1 Bh2+ 28. Kxh2 Qxf1 29. Qh8+ Ke7 30. Qxg7 Bxh3 31. gxh3 Qf2+ 32. Qg2 Qxg2+
33. Kxg2 Rd8 34. Kf3 Rd2 35. a4 Rd3+ 36. Kg4 Re3 37. a5 Rxe4+ 38. Kg3 38...
Re3+ {Amateur resigns} 0-1

[Event "ICS Rated standard match"]
[Site "207.99.83.229"]
[Date "1999.07.06"]
[Round "?"]
[White "DiepX"]
[Black "Hossa"]
[Result "1-0"]
[WhiteElo "2395"]
[BlackElo "2405"]
[PlyCount "81"]

1. e4 c5 2. Nf3 e6 3. d4 cxd4 4. Nxd4 Nf6 5. Nc3 d6 6. f4 Nc6 7. Be3 Be7 8. Qf3
O-O 9. O-O-O Nxd4 10. Bxd4 Qa5 11. Bxf6 Bxf6 12. Rxd6 Bxc3 13. Qxc3 Qxa2 14.
Qa3 Qxa3 15. bxa3 f6 16. g3 Rb8 17. Bd3 h5 18. e5 Kf7 19. Rd1 g5 20. fxg5 fxg5
21. Rf1+ Kg8 22. Rxf8+ Kxf8 23. Rd8+ Kg7 24. Bb5 h4 25. g4 Kf7 26. Kd2 Kg7 27.
Be8 b5 28. Ke3 a5 29. Bd7 Bxd7 30. Rxb8 Bc6 31. Rb6 Be8 32. Rxe6 Bg6 33. Re7+
Kf8 34. Rc7 Bf7 35. Rb7 Be8 36. e6 Bc6 37. Rb6 Be8 38. Ke4 Ke7 39. Ke5 Kd8 40.
Rb8+ Ke7 41. Rc8 {Hossa resigns} 1-0

[Event "ICS Rated standard match"]
[Site "207.99.83.229"]
[Date "1999.07.06"]
[Round "?"]
[White "Hossa"]
[Black "DiepX"]
[Result "0-1"]
[WhiteElo "2389"]
[BlackElo "2405"]
[PlyCount "87"]

1. b3 e5 2. e3 d5 3. c4 d4 4. Bb2 Nf6 5. exd4 exd4 6. Bd3 Nc6 7. Nf3 Qe7+ 8.
Qe2 Nb4 9. O-O Qxe2 10. Bxe2 Nc2 11. Nxd4 Nxa1 12. Nb5 Kd8 13. Bxa1 c6 14.
Bxf6+ gxf6 15. N5c3 Kc7 16. d4 Bf5 17. d5 Bc5 18. dxc6 bxc6 19. Bh5 Bg6 20. Bf3
Rhe8 21. Ne2 Rad8 22. Nbc3 Bb4 23. Rc1 Rd2 24. h3 Bd3 25. Nd4 Bxc3 26. Rxc3 Be4
27. Bxe4 Rxe4 28. Nc2 Ree2 29. Ne3 Rxa2 30. Ng4 h5 31. Nh6 Rxf2 32. Rg3 Rfb2
33. Nf5 Kb6 34. Kh2 Kc5 35. h4 Ra3 36. Ng7 Raxb3 37. Rxb3 Rxb3 38. Nxh5 a5 39.
Nxf6 a4 40. h5 a3 41. Nd7+ Kb4 42. Ne5 a2 43. Nxc6+ Kc5 44. Ne5 {Hossa resigns}
0-1

[Event "ICS Rated blitz match"]
[Site "207.99.83.229"]
[Date "1999.07.06"]
[Round "?"]
[White "AdnanAbi"]
[Black "Hossa"]
[Result "0-1"]
[WhiteElo "1966"]
[BlackElo "2353"]
[PlyCount "54"]

1. e4 c5 2. Nf3 e6 3. c3 d5 4. exd5 Qxd5 5. d4 Nc6 6. Be2 Bd7 7. O-O O-O-O 8.
c4 Qd6 9. d5 Ne5 10. Nc3 Nf6 11. Qc2 exd5 12. cxd5 Nxd5 13. Ne4 Nxf3+ 14. Bxf3
Qg6 15. Bg5 f6 16. Bh4 Bg4 17. Bxg4+ Qxg4 18. Bg3 Nb4 19. Qb1 f5 20. a3 Nd5 21.
f3 Qh5 22. Qc2 Ne3 23. Qa4 Nxf1 24. Rxf1 fxe4 25. Qxa7 Qd5 26. fxe4 Qb3 27. h3
27... Qxg3 {AdnanAbi resigns} 0-1

[Event "ICS rated blitz match"]
[Site "207.99.83.229"]
[Date "1999.07.06"]
[Round "?"]
[White "Hossa"]
[Black "klatsch"]
[Result "1-0"]
[WhiteElo "2356"]
[BlackElo "2044"]
[PlyCount "73"]

1. Nc3 e6 2. d4 d5 3. e4 Bb4 4. Qg4 Nf6 5. Qxg7 Rg8 6. Qh6 Rg6 7. Qe3 Nxe4 8.
Nf3 c5 9. Bd2 Nxd2 10. Nxd2 Nc6 11. Ne2 cxd4 12. Nxd4 Bxd2+ 13. Qxd2 Qb6 14.
O-O-O Bd7 15. Nxc6 bxc6 16. Qf4 Rb8 17. b3 c5 18. Qe5 c4 19. Rxd5 cxb3 20. axb3
Ke7 21. f4 f6 22. Qh5 Rg7 23. Rd3 Qc7 24. Qh6 Kf7 25. Kd1 Kg8 26. Qxf6 Rf7 27.
Rg3+ Kf8 28. Qh6+ Ke7 29. Qh4+ Kd6 30. Rd3+ Kc5 31. Rc3+ Kb6 32. Qf2+ Kb7 33.
Ba6+ Kxa6 34. Rxc7 Rb6 35. Qd4 Bb5 36. Qa1+ Ba4 37. Qxa4# {klatsch checkmated}
1-0

[Event "ICS rated blitz match"]
[Site "207.99.83.229"]
[Date "1999.07.06"]
[Round "?"]
[White "Hossa"]
[Black "Zavros"]
[Result "1-0"]
[WhiteElo "2361"]
[BlackElo "2319"]
[PlyCount "109"]

1. Nc3 d5 2. e4 d4 3. Nce2 e5 4. Ng3 Be6 5. Nf3 f6 6. Bb5+ c6 7. Ba4 Nd7 8. O-O
Nc5 9. Bb3 Nxb3 10. axb3 d3 11. c4 b5 12. Nf5 bxc4 13. bxc4 Bxc4 14. Qa4 Bb5
15. Qa2 Qd7 16. Kh1 Ne7 17. Ne3 Nc8 18. Nd1 Bc5 19. Nc3 Rb8 20. Ne1 Rb6 21.
Nxb5 cxb5 22. Qb3 Rd6 23. f4 exf4 24. Ra5 a6 25. Rxf4 Nb6 26. Rxa6 Rd4 27. Rf3
Rb4 28. Qxd3 Qxd3 29. Nxd3 Rxe4 30. Rf5 Bd4 31. Rxb5 Nc8 32. Ra4 O-O 33. Rd5
Rfe8 34. g3 Nb6 35. Raxd4 Nxd5 36. Rxd5 Rb8 37. Kg2 Re2+ 38. Kh3 h6 39. b4 g5
40. g4 Kg7 41. Kg3 Kg6 42. h3 h5 43. gxh5+ Kxh5 44. Nf4+ Kh6 45. Nxe2 Rxb4 46.
d4 Rb3+ 47. Kg4 Rd3 48. h4 Rd1 49. hxg5+ fxg5 50. Bxg5+ Kg7 51. Kf5 Rf1+ 52.
Nf4 Rg1 53. Rd7+ Kf8 54. Kg6 Rf1 55. Rd8# {Zavros checkmated} 1-0

[Event "ICS rated blitz match"]
[Site "207.99.83.229"]
[Date "1999.07.06"]
[Round "?"]
[White "Bertold"]
[Black "Hossa"]
[Result "0-1"]
[WhiteElo "2114"]
[BlackElo "2375"]
[PlyCount "58"]

1. e4 c5 2. Nf3 e6 3. d4 cxd4 4. Nxd4 Nf6 5. Nc3 Nc6 6. Ndb5 d6 7. Bf4 e5 8.
Bg5 a6 9. Na3 b5 10. Bxf6 gxf6 11. Nd5 f5 12. exf5 Bb7 13. f6 Nd4 14. c3 Bxd5
15. cxd4 Qxf6 16. Nc2 Rd8 17. Ne3 Bb7 18. d5 Qh4 19. g3 Qb4+ 20. Qd2 Qxd2+ 21.
Kxd2 Bh6 22. Bg2 f5 23. Rhc1 f4 24. Ng4 f3+ 25. Nxh6 fxg2 26. Ng4 O-O 27. Ke2
Bxd5 28. Rc7 Bf3+ 29. Ke3 29... Bxg4 {Bertold resigns} 0-1

[Event "ICS rated blitz match"]
[Site "207.99.83.229"]
[Date "1999.07.06"]
[Round "?"]
[White "Esob"]
[Black "Hossa"]
[Result "0-1"]
[WhiteElo "2141"]
[BlackElo "2381"]
[PlyCount "50"]

1. e4 c5 2. Nf3 e6 3. Nc3 a6 4. d4 cxd4 5. Nxd4 Qc7 6. f4 Bb4 7. Bd2 Ne7 8. Bd3
O-O 9. Qe2 Nbc6 10. Nxc6 dxc6 11. a3 Bxc3 12. bxc3 c5 13. c4 Ng6 14. O-O Rd8
15. e5 b6 16. h4 Bb7 17. h5 Nh4 18. g3 Nf5 19. Qg4 Qc6 20. Qh3 Nd4 21. h6 Nxc2
22. Bxh7+ Kxh7 23. hxg7+ Kxg7 24. Rad1 Rh8 25. Qg4+ 25... Kf8 {Esob resigns}
0-1

[Event "ICS rated bullet match"]
[Site "207.99.83.229"]
[Date "1999.07.06"]
[Round "?"]
[White "Zavros"]
[Black "Hossa"]
[Result "0-1"]
[WhiteElo "2118"]
[BlackElo "2455"]
[PlyCount "86"]

1. e3 e5 2. Nf3 e4 3. Nd4 Nf6 4. Nb3 Be7 5. d3 d5 6. dxe4 Nxe4 7. N1d2 Nc6 8.
Be2 O-O 9. Nf3 Bg4 10. Nbd4 Bh4 11. O-O Nxd4 12. exd4 Rc8 13. Nxh4 Bxe2 14.
Qxe2 Qxh4 15. Be3 Nf6 16. Qf3 Rce8 17. c3 Re4 18. h3 Rfe8 19. Rfe1 a5 20. Bd2
R8e7 21. Rxe4 Nxe4 22. Be3 Re6 23. Rf1 Rf6 24. Qe2 Rb6 25. Kh2 f5 26. g3 Qe7
27. Qf3 Rxb2 28. Qxf5 Nxc3 29. Rc1 Qxe3 30. Qc8+ Kf7 31. Qd7+ Kf6 32. Rf1 Rxf2+
33. Rxf2+ Qxf2+ 34. Kh1 Qxg3 35. Qd8+ Kf5 36. Qd7+ Ke4 37. Qe6+ Kxd4 38. Qf7
Nd1 39. Qf1 Nf2+ 40. Qxf2+ Qxf2 41. h4 Ke4 42. h5 Kf3 43. h6 43... Qg2# {
Zavros checkmated} 0-1

[Event "ICS Rated blitz match"]
[Site "207.99.83.229"]
[Date "1999.07.06"]
[Round "?"]
[White "timuka"]
[Black "Hossa"]
[Result "0-1"]
[WhiteElo "2120"]
[BlackElo "2386"]
[PlyCount "52"]

1. e4 c5 2. Nc3 Nc6 3. d3 Nf6 4. g3 e5 5. Bg2 Be7 6. h3 O-O 7. Be3 b5 8. Qd2 b4
9. Nd5 Qa5 10. Ne2 Bd8 11. O-O Nxd5 12. exd5 Nd4 13. f4 Nxe2+ 14. Qxe2 Bf6 15.
fxe5 Bxe5 16. Bf4 Bxb2 17. Rab1 Bd4+ 18. Kh2 Ba6 19. Bd6 Rfe8 20. Qf3 f6 21.
Rbe1 Rxe1 22. Rxe1 b3 23. Re7 bxa2 24. Qg4 f5 25. Qxf5 Bf6 26. Be4 26... Qd2+ {
timuka resigns} 0-1

[Event "ICS rated bullet match"]
[Site "207.99.83.229"]
[Date "1999.07.06"]
[Round "?"]
[White "Hossa"]
[Black "lhg"]
[Result "1-0"]
[WhiteElo "2459"]
[BlackElo "2250"]
[PlyCount "65"]

1. Nc3 e6 2. d4 f5 3. Nf3 Nf6 4. Bg5 Bb4 5. e3 Bxc3+ 6. bxc3 d5 7. Bd3 c6 8.
O-O Nbd7 9. c4 O-O 10. Nd2 h6 11. Bf4 a6 12. cxd5 cxd5 13. Bd6 Re8 14. c4 Nb6
15. c5 Nbd7 16. Rb1 Ne4 17. Bxe4 fxe4 18. f3 Nf6 19. fxe4 dxe4 20. Qc2 Bd7 21.
Rxb7 Bc6 22. Rb2 Bd5 23. Rf4 Nh5 24. Rg4 Nf6 25. Rg3 Nh5 26. Rg6 Ra7 27. Nxe4
Bxe4 28. Qxe4 Rf7 29. Rb8 Qd7 30. Rxe8+ Qxe8 31. Rxe6 Qb5 32. Re8+ Rf8 33.
Rxf8# {lhg checkmated} 1-0

[Event "ICS Rated standard match"]
[Site "207.99.83.229"]
[Date "1999.07.07"]
[Round "?"]
[White "fiancheto2"]
[Black "Hossa"]
[Result "1-0"]
[WhiteElo "2095"]
[BlackElo "2391"]
[PlyCount "62"]

1. d4 Nf6 2. c4 e5 3. dxe5 Ng4 4. Bf4 Nc6 5. Nf3 Bb4+ 6. Nbd2 f6 7. exf6 O-O 8.
e3 Qxf6 9. a3 Bc5 10. b4 Bd4 11. Nxd4 Nxd4 12. Rc1 Qe6 13. Nf3 Nxf3+ 14. Qxf3
g5 15. Be2 gxf4 16. Qxg4+ Qxg4 17. Bxg4 fxe3 18. fxe3 a5 19. b5 Kg7 20. Rf1 Re8
21. Kd2 d6 22. Bf3 Re5 23. Bd5 Kg6 24. Rf8 Re7 25. Rcf1 Rg7 26. Rd8 Kh6 27.
Rff8 Be6 28. Rxa8 Bxd5 29. cxd5 Rxg2+ 30. Kd3 Ra2 31. Rxa5 31... Rxh2 {
Hossa resigns} 1-0

[Event "ICS rated blitz match"]
[Site "207.99.83.229"]
[Date "1999.07.07"]
[Round "?"]
[White "Hossa"]
[Black "attakinski"]
[Result "0-1"]
[WhiteElo "2387"]
[BlackElo "2757"]
[PlyCount "91"]

1. Nc3 Nf6 2. e4 d6 3. f4 g6 4. e5 Nh5 5. d4 Bh6 6. exd6 exd6 7. Qe2+ Kf8 8. f5
Bxc1 9. Rxc1 Bxf5 10. Nf3 Nc6 11. d5 Ne5 12. Nxe5 Qh4+ 13. Qf2 Qxf2+ 14. Kxf2
dxe5 15. Bc4 a6 16. Rhf1 Rd8 17. Kg1 Kg7 18. Rf2 Nf4 19. Re1 f6 20. a3 b5 21.
Bb3 Rd6 22. Rff1 Rhd8 23. Rc1 c6 24. dxc6 Rxc6 25. Rf2 Rcd6 26. Rcf1 Rd2 27.
Kh1 R8d7 28. Rxd2 Rxd2 29. Nb1 Rxg2 30. Rxf4 Re2 31. Rxf5 gxf5 32. Nc3 Rd2 33.
a4 bxa4 34. Nxa4 e4 35. Kg1 e3 36. Bc4 f4 37. Bxa6 f3 38. Nc3 Rxc2 39. h4 Rc1+
40. Kh2 Rxc3 41. Kg3 e2 42. Kf2 Re3 43. Kxe3 e1=Q+ 44. Kxf3 Qxh4 45. Be2 f5 46.
Bd3 {Hossa resigns} 0-1